BIM construction for health and safety (Record no. 115402)

MARC details
000 -LEADER
fixed length control field 00579cam a22002055a 4500
001 - CONTROL NUMBER
control field L158585
008 - FIXED-LENGTH DATA ELEMENTS--GENERAL INFORMATION
fixed length control field 150506s2014 xxk f 000 0 eng d
020 ## - INTERNATIONAL STANDARD BOOK NUMBER
International Standard Book Number 9781859465288
035 ## - SYSTEM CONTROL NUMBER
System control number (Sirsi) u158585
041 0# - LANGUAGE CODE
Language code of text/sound track or separate title eng
050 04 - LIBRARY OF CONGRESS CALL NUMBER
Classification number 690.2
100 1# - MAIN ENTRY--PERSONAL NAME
Personal name Mordue, Stefan
245 00 - TITLE STATEMENT
Title BIM construction for health and safety
260 ## - PUBLICATION, DISTRIBUTION, ETC.
Place of publication, distribution, etc. Newcastle
Name of publisher, distributor, etc. RIBA
Date of publication, distribution, etc. 2014
520 ## - SUMMARY, ETC.
Summary, etc. A guide explaining the basic principles of BIM in the health and safety for industry professionals
521 ## - TARGET AUDIENCE NOTE
Target audience note Advanced
651 #4 - SUBJECT ADDED ENTRY--GEOGRAPHIC NAME
Geographic name United Kingdom
Chronological subdivision
700 1# - ADDED ENTRY--PERSONAL NAME
Personal name Finch, Roland
942 ## - ADDED ENTRY ELEMENTS (KOHA)
Suppress in OPAC 0
Holdings
Withdrawn status Lost status Source of classification or shelving scheme Damaged status Not for loan Home library Current library Shelving location Date acquired Total Checkouts Full call number Barcode Date last seen Copy number Price effective from Koha item type
    Dewey Decimal Classification     London London Books 06/05/2015   690.22 MOR 30079018 06/08/2019 1 06/08/2019 Book